Quizzes
Events
Quiz Creation
Community
Videos
Private Events
Remove Ads
Sign In
Join for FREE
Feedback
Dark Mode
Quiz Categories
Sports
Geography
Music
Movies
Television
Just For Fun
Miscellaneous
History
Literature
Language
Science
Gaming
Entertainment
Religion
Holiday
For Kids
Quiz Lab
Recent
Popular Today
Quiz Kudos Today
Editor Picks
Curator Picks
Quizzes by...
Day
Popularity
Type
Ratings
Length
Year
Community
Subscriptions
Recent Discussions
Orange Saloon
Badges
Playlists
Quests
Create
Leaderboards
Showdown
Live 5
Trivia Bingo
Activity
Puzzle Library
Sporcle Events
Private Events
Virtual Trivia
Globe League
Become a Host
Pub Owners
SporcleCon
Opinionation
Our Games
Videos
Blog
Mobile Apps
Partnerships
Remove Ads and Go Orange
Feedback
Gaming
Video Games
Board Games
Card Games
Pokémon
Mario
Nintendo
Minecraft
Console
Toys
Legend of Zelda
Gaming
Video Games
Board Games
Card Games
Pokémon
Mario
Nintendo
Minecraft
Console
Toys
Legend of Zelda
Random Quiz
Search Sporcle
×
Quiz Lab
Quiz Lab
Gaming
Pokémon
Type in answers that appear in a list
Type in answers that appear in a list
Classic
Best Score? Go Orange.
Flying Type Pokemon Stats
Can you name the Flying Type Pokemon
By
babensee
10m
98 Questions
175 Plays
175 Plays
175 Plays
Comments
Comments
Give Quiz Kudos
Give Quiz Kudos
-
- Ratings
hide this ad
More Info
Random Order
Randomize order of answers
Randomize order of answers
Replay
Link that replays current quiz
Next Quiz
Link to next quiz in quiz playlist
You Got
0%
They Got
Avg Score
63%
Avg Friend Score
Upgrade to see
Score Distribution
Jump to the score distribution portion of the page
Score
0/98
Timer
10:00
0
Plays Today
Type
Pokemon
% Correct
NORMAL/
FLYING
PIDGEY
93.7%
NORMAL/
FLYING
PIDGEOT
92%
NORMAL/
FLYING
PIDGEOTTO
88.6%
ELECTRIC/
FLYING
ZAPDOS
88.6%
FIRE/
FLYING
MOLTRES
88.6%
ICE/
FLYING
ARTICUNO
88%
FIRE/
FLYING
CHARIZARD
83.4%
NORMAL/
FLYING
STARLY
81.1%
NORMAL/
FLYING
STARAPTOR
80%
BUG/
FLYING
BUTTERFREE
79.1%
DRAGON/
FLYING
DRAGONITE
78.9%
NORMAL/
FLYING
SWELLOW
78.3%
NORMAL/
FLYING
NOCTOWL
77.7%
NORMAL/
FLYING
STARAVIA
77.7%
NORMAL/
FLYING
HOOTHOOT
77.1%
NORMAL/
FLYING
TAILLOW
75.4%
ROCK/
FLYING
AERODACTYL
74.9%
DARK/
FLYING
MURKROW
74.9%
FIRE/
FLYING
HO-OH
74.9%
PSYCHIC/
FLYING
LUGIA
74.9%
FIRE/
FLYING
TALONFLAME
74.9%
POISON/
FLYING
ZUBAT
74.3%
NORMAL/
FLYING
PIDOVE
74.3%
POISON/
FLYING
GOLBAT
73.7%
POISON/
FLYING
CROBAT
73.7%
DRAGON/
FLYING
ALTARIA
73.1%
STEEL/
FLYING
SKARMORY
72.6%
WATER/
FLYING
WINGULL
72.6%
WATER/
FLYING
PELIPPER
72%
DRAGON/
FLYING
SALAMENCE
72%
NORMAL/
FLYING
FLETCHLING
72%
NORMAL/
FLYING
SPEAROW
70.9%
FIRE/
FLYING
FLETCHINDER
70.9%
Type
Pokemon
% Correct
WATER/
FLYING
GYARADOS
69.7%
ELECTRIC/
FLYING
EMOLGA
69.7%
NORMAL/
FLYING
FEAROW
69.1%
DARK/
FLYING
HONCHKROW
69.1%
NORMAL/
FLYING
UNFEZANT
69.1%
GRASS/
FLYING
TROPIUS
68.6%
FAIRY/
FLYING
TOGEKISS
66.9%
NORMAL/
FLYING
TRANQUILL
66.9%
FLYING
TORNADUS
66.3%
DRAGON/
FLYING
RAYQUAZA
66.3%
NORMAL/
FLYING
DODUO
65.7%
GRASS/
FLYING
HOPPIP
65.1%
GRASS/
FLYING
JUMPLUFF
65.1%
BUG/
FLYING
BEAUTIFLY
64.6%
GRASS/
FLYING
SKIPLOOM
64%
GROUND/
FLYING
GLIGAR
64%
NORMAL/
FLYING
SWABLU
64%
NORMAL/
FLYING
DODRIO
63.4%
GHOST/
FLYING
DRIFLOON
62.3%
GROUND/
FLYING
GLISCOR
62%
GHOST/
FLYING
DRIFBLIM
61.7%
WATER/
FLYING
SWANNA
61.7%
NORMAL/
FLYING
FARFETCH'D
61.1%
ROCK/
FLYING
ARCHEN
60.6%
BUG/
FLYING
LEDIAN
60%
FAIRY/
FLYING
TOGETIC
59.4%
PSYCHIC/
FLYING
XATU
59.4%
WATER/
FLYING
DUCKLETT
59.4%
ELECTRIC/
FLYING
THUNDURUS
59.4%
BUG/
FLYING
LEDYBA
58.9%
PSYCHIC/
FLYING
NATU
58.9%
NORMAL/
FLYING
BRAVIARY
58.9%
GROUND/
FLYING
LANDORUS
58.9%
Type
Pokemon
% Correct
FLYING/
DRAGON
NOIVERN
58.3%
BUG/
FLYING
SCYTHER
58.3%
ROCK/
FLYING
ARCHEOPS
58.3%
DARK/
FLYING
MANDIBUZZ
58.3%
PSYCHIC/
FLYING
WOOBAT
57.7%
PSYCHIC/
FLYING
SWOOBAT
57.7%
NORMAL/
FLYING
RUFFLET
57.7%
FIGHTING/
FLYING
HAWLUCHA
57.7%
DARK/
FLYING
YVELTAL
57.7%
ICE/
FLYING
DELIBIRD
57.1%
PSYCHIC/
FLYING
SIGILYPH
57.1%
FLYING/
DRAGON
NOIBAT
56.6%
DARK/
FLYING
VULLABY
56%
WATER/
FLYING
MANTINE
54.9%
BUG/
FLYING
MASQUERAIN
54.3%
BUG/
FLYING
YANMA
53.7%
BUG/
FLYING
MOTHIM
53.7%
BUG/
FLYING
COMBEE
53.7%
WATER/
FLYING
MANTYKE
53.1%
BUG/
FLYING
VESPIQUEN
52.6%
BUG/
FLYING
YANMEGA
52.6%
BUG/
FLYING
VIVILLON
49.7%
GRASS/
FLYING
SHAYMIN
46.9%
BUG/
FLYING
NINJASK
45.7%
FIRE/
FLYING
MEGA CHARIZARD Y
44.6%
NORMAL/
FLYING
CHATOT
42.9%
ELECTRIC/
FLYING
ROTOM
42.9%
ROCK/
FLYING
MEGA AERODACTYL
41.1%
BUG/
FLYING
MEGA PINSIR
35.4%
DRAGON/
FLYING
MEGA SALAMENCE
32.3%
NORMAL/
FLYING
MEGA PIDGEOT
31.5%
DRAGON/
FLYING
MEGA RAYQUAZA
25.8%
Quiz Playlist
Details
Report
Send in Message
Add To Playlist
More Info:
Includes Mega Evolutions
Classic:
Type in answers that appear in a list
Random Order:
Randomize order of answers
Last Updated: Feb 16, 2017
Quiz Scoreboard
CHALLENGE
Sign Up to Join the Scoreboard
Show All
Scores
Hide
Comments
May contain spoilers
Recently Published
Presidents Visiting Landmarks
by Hejman
History
7m
An Introduction to Baseball
by treessimontrees
Sports
5m
Movies - When Are They Set?
by FPL_Elf
Movies
5m
More to Explore
Quiz From the Vault
Featured Blog Post
Where Did the Easter Bunny Come From?
hide this ad
You Might Also Like...
Tags
Pokémon Quiz
Flying
Today's Top Quizzes in Gaming
Browse Gaming
hide this ad
Today's Top Quizzes in Pokémon
Browse Pokémon
Top Contributed Quizzes in Gaming
1
5-to-1: Consoles
2
7-to-1: Board Game Piece Blitz
3
5-to-1: Legend of Zelda
4
Destiny 2 exotic weapons by perk icons
5
Ultimate Genshin Impact Logic Puzzle (up to 4.3)
6
Franchise by Action Figure
7
Overwatch Logic Puzzle
8
Who's on the WWE 2K24 Cover?
9
Genshin Impact Logic Puzzle Quiz
10
Windmill: Pokémon
Explore More
Trending Topics
Marvel
NBA
Anime
Disney
Harry Potter
Crossword
Kpop
Country
Puzzle
Soccer
The Office
NFL
Song
WWE
Pokémon
hide this ad
More By:
babensee
Quiz
Plays
Rating
Category
Featured
Created
Rupaul's Drag Race Queens with 1M+ Followers
834
5.00
Entertainment
May 15, 2019
Carrie Underwood Songs
666
5.00
Music
Jun 19, 2016
Electric Type Pokemon
614
1.00
Gaming
Feb 17, 2014
Shugo Chara Ultimate Quiz
599
3.80
Television
Mar 22, 2013
Grass Type Pokemon
465
5.00
Gaming
Feb 16, 2014
Go to Creator's Profile
Score Distribution
Quiz Creator Spotlight
babensee
Follow
Send a Message
Quizzes Created
-
Created Quiz Play Count
-
More By This Creator
Popular Quizzes Today
1
Find the US States - No Outlines Minefield
2
Find the Countries of Europe - No Outlines Minefield
3
The Countries of the World
4
Find the US States
5
Popular People in 1961
6
US States
7
Risky Map Clicking: Biggest States A-Z
8
Movies - When Are They Set?
More Gaming Quizzes
Pokémon (Gen II)
Published
Trending Quizzes
Risky Map Clicking: Least Populous States A-Z
1-10 Letter G Words
1-10 Letter F Words
Risky Map Clicking: Next State Alphabetically
Risky Map Clicking: Biggest States A-Z
Recently Updated
Leaping Animals
pecheneg
Reality TV Shows (A-Z)
bhenderson79
Rickey Henderson's Hall of Fame Teammates
pecheneg
Champions League XIs: Arsenal
pecheneg
Quick Pick: Celebrities in WWE's Hall of Fame
aduchscher
A-Z Keypad Blitz II
pecheneg
Multiple Oscar Actors
pecheneg
Mystery Phrase Blitz: Oscar 'Best Actors'
pecheneg
F. Scott Fitzgerald Novels
LTH
Pick 3 Villains
ddd62291
Trending Topics
Anime
Disney
NBA
Marvel
Harry Potter
Kpop
Crossword
Country
NFL
The Office
Pokémon
Song
Soccer
WWE
Puzzle
Your Account Isn't Verified!
In order to create a playlist on Sporcle, you need to verify the email address you used during registration. Go to your
Sporcle Settings
to finish the process.
Report this User
Report this user for behavior that violates our
Community Guidelines
.
Details:
Send Report
Go to the Sporcle.com Mobile Site →
Comments